000 01649nam a2200397 i 4500
001 65175
003 Mx-PuUPA
005 20250319143444.0
008 090127s2020 mx gr 001 0 spa d
020 _a9786077478409
040 _aMx-PuUPA
_cMx-PuUPA
_bspa
_dMx-PuUPA
_erda
041 1 _aspa
_heng
100 1 _aLindstrom, Martin,
_d1970-
_eautor
_916705
240 1 0 _aSmall data.
_lEspañol
245 1 0 _aSmall data :
_blas pequeñas pistas que revelan grandes tendencias /
_cMartin Lindstrom, autor ; Gustavo Teruel, traductor ; Chip Heath, prologuista
250 _aPrimera edición impresa en México en Booked /
_benero
264 1 _aCiudad de México :
_bEdiciones Culturales Paidós,
_c2020
300 _a330 páginas ;
_c19 cm
336 _2rdacontent
_atexto
_btxt
337 _2rdamedia
_asin medio
_bn
338 _2rdacarrier
_avolumen
_bnc
490 0 _aEmpresa
490 0 _aDivulgación. Actualidad
500 _a"Martin Lindstrom, autor de los bestsellers Buyology y Compradicción". -- Cubierta "Prólogo de Chip Heath, coautor de Cambia el Chip y Decídete". -- Cubierta
650 7 _2armarc
_aBranding (Mercadeo)
650 7 _2armarc
_aComportamiento del consumidor
650 7 _2armarc
_aProductos de marca (mercadeo)
650 7 _2armarc
_aMarcas registradas
_xProducto (Mercadeo)
700 1 _aTeruel, Gustavo,
_etraductor
700 1 _aHeath, Chip,
_eprologuista
765 0 _aLindstrom, Martin
_tSmall Data
942 _cLI
_2ddc
_h658.8342
_iL7318
999 _c65175
_d65175